Kinetically controlled separation by pressure swing adsorption /
Saved in:
| Main Author: | |
|---|---|
| Format: | Thesis Book |
| Language: | English |
| Published: |
2000.
|
| Subjects: | |
| Tags: |
Add Tag
No Tags, Be the first to tag this record!
|
| LEADER | 00725cam a2200217 a 4500 | ||
|---|---|---|---|
| 001 | u489710 | ||
| 003 | SIRSI | ||
| 008 | 990921s2000 si a 00 0 eng | ||
| 035 | |a ACR-4728 | ||
| 040 | |a UMM | ||
| 090 | |a TP7 |b NUS 2000 Rah | ||
| 100 | 0 | |a Rahul Gupta. | |
| 245 | 1 | 0 | |a Kinetically controlled separation by pressure swing adsorption / |c Rahul Gupta. |
| 260 | |c 2000. | ||
| 300 | |a xii, 113 leaves : |b ill. ; |c 30 cm. | ||
| 502 | |a Dissertation (M.Eng.) -- National University of Singapore, 2000. | ||
| 504 | |a Bibliography : leaves 100-100. | ||
| 650 | 0 | |a Adsorption. | |
| 948 | |a 01/11/2001 |b 06/11/2002 | ||
| 596 | |a 1 | ||
| 999 | |a TP7 NUS 2000 RAH |w LC |c 1 |i A510540757 |l B_KOM4 |m P01UTAMA |r Y |s Y |t TESIS |u 12/11/2002 |o .PUBLIC. bkom 4 : 43181 | ||
